Exotic Cars - Statistics

General Stats
  • This quiz has been taken 120 times
  • The average score is 23 of 68
Answer Stats
Hint Answer % Correct
Lamborghini Aventador
81%
Ford GT
79%
Bugatti Veyron
74%
Bugatti Chiron
73%
Porsche 911
71%
Lamborghini Huracan
69%
Ferrari LaFerrari
67%
Audi R8
64%
Nissan GTR
62%
McLaren F1
60%
Lamborghini Gallardo
56%
McLaren 720s
54%
Koenigsegg Agera
54%
McLaren P1
54%
Pagani Zonda
53%
McLaren Senna
51%
Lamborghini Urus
51%
Rolls-Royce Phantom
47%
Koenigsegg Jesko
46%
Ferrari 488
45%
Lamborghini Diablo
45%
Rolls-Royce Ghost
44%
Lamborghini Countach
43%
Pagani Huayra
43%
Ferrari 458
42%
Porsche 918
42%
BMW I8
42%
Tesla Roadster
41%
Bugatti Divo
40%
Lamborghini Murcielago
40%
Koenigsegg Regera
40%
Dodge Viper
36%
Aston Martin DB11
34%
McLaren 570s
33%
Aston Martin Vantage
33%
Lamborghini Veneno
32%
Rolls-Royce Cullinan
29%
Koenigsegg Gemera
29%
McLaren 650s
25%
McLaren 765lt
24%
Aston Martin DBS
24%
Lamborghini Muira
24%
Lamborghini Sian
23%
Rolls-Royce Wraith
23%
Ferrari F12
21%
McLaren 675lt
19%
Ferrari 812 Superfast
19%
Ferrari F8
19%
Aston Martin DBX
16%
Ferrari 360
15%
Ferrari 430
14%
Ferrari Roma
14%
Porsche Taycan
14%
Ford GT40
13%
Ferrari Testarossa
13%
Koenigsegg CCXR
12%
Ferrari Monza
12%
McLaren Artura
10%
Ferrari 250 gto
9%
Ferrari 512
8%
Lamborghini Centinario
4%
Aston Martin DB40
4%
Ferrari Portifino
3%
Ferrari 512bb
2%
Chevrolet C8 Z06
2%
Aston Martin Lagonda
2%
Bugatti La Voitre Noir
2%
Porsche Panamara Turbo 4s
2%
No matching quizzes found
Score Distribution
Percent of People with Each Score
Percentile by Number Answered
Your Score History
You have not taken this quiz